| 000 | 00442nam a2200169 a 4500 | ||
|---|---|---|---|
| 001 | 6576 | ||
| 005 | 20180713190440.0 | ||
| 008 | 140415s1989 mx 000 0 spa d | ||
| 041 | _aspa | ||
| 082 |
_a070.4 _bBOR |
||
| 100 | 1 | _aBORREGO E., SALVADOR | |
| 245 | 1 | 0 | _aPERIODISMO TRANSCENDENTE |
| 250 | _a17ed. | ||
| 260 |
_aMEXICO : _bALFARO TIPOGRAFIAS EDITORIALES, _c1989 |
||
| 300 | _a232 | ||
| 650 | 1 | 4 |
_aPERIODISMO _xENSEANZA |
| 999 |
_c6576 _d6576 |
||